Tác động của hồ chứa nước Việt An với môi trường khu vực hưởng lợi

Gespeichert in:
Bibliographische Detailangaben
1. Verfasser: Nguyễn Đăng Nhuận.
Weitere Verfasser: Trần Cát, PGS.PTS. (hướng dẫn.)
Format: Buch
Sprache:Vietnamese
Veröffentlicht: Đà Nẵng, 1999.
Schlagworte:
Tags: Tag hinzufügen
Keine Tags, Fügen Sie den ersten Tag hinzu!
Thư viện lưu trữ: Mạng thư viện Đại học Đà Nẵng
LEADER 00988cmm a2200337 i 4500
001 000044780
003 3188
005 20061102020449.0
008 010312b1999 vm 000 vie
040 |a IRC  |c IRC  |d IRC 
041 0 |a vie 
082 1 4 |a 627.14  |b NG-N 
100 1 |a Nguyễn Đăng Nhuận. 
245 0 0 |a Tác động của hồ chứa nước Việt An với môi trường khu vực hưởng lợi  |h [Thesis-Luận văn] /  |c Nguyễn Đăng Nhuận thực hiện ; Trần Cát hướng dẫn. 
260 |a Đà Nẵng,  |c 1999. 
300 |a 132Tr. ;  |c 29cm. 
630 0 4 |a Thuỷ lợi. 
630 0 4 |a Hồ Việt An. 
650 0 4 |a Hồ Việt An. 
650 0 4 |a Môi trường. 
700 1 |a Trần Cát,  |c PGS.PTS.,  |e hướng dẫn. 
OWN |a DUT 
999 |a From the UDN01 
TYP |a Computer file 
TYP |a Monograph 
980 |a Mạng thư viện Đại học Đà Nẵng